000 00771nam a2200253Ia 4500
003 OSt
005 20220927104044.0
006 a|||||r|||| 00| 0
007 ta
008 220926b |||||||| |||| 00| 0 eng d
024 _a109137
037 _cReference Collections
040 _aRTL
_cRTL
_beng
041 _2eng
_aeng
082 _a"X9(M5):54.1.N7, M2/UN"
110 _aInternational Trade Centre
245 0 _aMajor import markets for weeden household furniture
260 _aGeneva
_bInternational Trade Centre
_c1982
300 _a252p.
_ccm.
650 _aCar Pentry Industry
_9362492
700 _aInternational Trade Centre
942 _h"X9(M5):54.1.N7, M2/UN"
_cCC
999 _c685297
_d685297